Culture Générale - Série 1751 - Statistiques

Statistiques générales
  • Ce quiz a été pris 125 fois
  • Le résultat moyen est 4 sur 10
Statistiques - réponses
Question Réponse % Correct
Dans Notre-Dame de Paris, de qui Quasimodo s'éprend-il sans que son amour soit partagé ? Esméralda
93%
Comment dit-on « ma faute » en latin ? mea culpa
82%
Dans la mythologie grecque, qui est la déesse de l'amour ? Aphrodite
77%
Comment surnomme-t-on les membres de l'Académie française ? les immortels
64%
Comment s'appelle le héros de Gaston Leroux dans Le mystère de la chambre jaune ? Joseph Rouletabille
42%
Comment s'appelle le père de Gargantua, dans le roman de François Rabelais ? Grandgousier
26%
Comment s'appelle le singe de Jo et Zette, dans la bande dessinée signée Hergé ? Jocko
13%
Comment s'appelle l'embout fixé à l'extrémité d'un lacet ? ferret
5%
Comment les Martiniquais appellent-ils le personnage de carton qu'ils brûlent le mercredi des cendres ? Vaval
5%
À qui la citation « Ni Dieu ni maître » est-elle attribuée ? Louis-Auguste Blanqui
4%
Aucun quiz correspondant
Distribution des résultats
% des personnes avec chaque résultat
Percentile par nombre de réponses
Votre historique - résultats
Vous n’avez pas pris ce quiz